000 00307pab a2200109 454500
008 180718b xxu||||| |||| 00| 0 eng d
100 _aBalakrishnan, Pulapre
245 _aRational expectations and price behaviour in India
650 _aPrices - India
773 _aEconomic and Political Weekly
909 _a24604
999 _c24604
_d24604